000 01001cam a2200301 a 4500
001 734
005 20250828085626.0
020 _a9780756690830 (plc.)
020 _a0756690838 (plc.)
020 _a9780756690823 (pbk.)
020 _a075669082X (pbk.)
040 _aB@L
_cB@L
_dNYP
_dJP3
_dBDX
_dKCP
_dDLC
050 0 0 _aG530.T6
_bD82 2012
082 0 4 _a910.91634
100 1 _aDubowski, Mark.
245 1 0 _aTitanic :
_bThe disaster that shocked the world! /
_cWritten by Mark Dubowski.
260 _aNew York :
_bDK Publishing,
_c2012.
300 _a48 pages :
_bcolor illustrations ;
_c23 cm.
490 1 _aDK Readers. Level 3. Reading alone
500 _aincludes index.
505 _aO
520 _aRead the incredible true story of the "unsinkable" ship that sank. - back cover.
521 _a820
_bLexile.
521 _aO
_bRaz-plus
650 0 _aShipwrecks
_zNorth Atlantic Ocean
_vJuvenile literature.
906 _a7
_bcbc
_ccopycat
_d2
_encip
_f20
_gy-gencatlg
942 _2ddc
_cBK
_n0
999 _c734
_d734